Markentechnik ist die Verwirklichung der unternehmerischen Idee.

Dôvera k výrobku prostredníctvom identity jeho značky. Význam názvu značky. Osobnosť podnikateľa a technika určenia značky. Názov značky a zákazník. Značka ako obraz vedenia. Tvorba image podniku prostredníctvom značky. Signálny charakter značky. Hodnota značky a podnikateľ. Kontinuita značky. Podni...

ver descrição completa

Na minha lista:
Detalhes bibliográficos
Autor principal: Simon, H.-J
Formato: Capítulo de Livro
Idioma:alemão
Assuntos:
Tags: Adicionar Tag
Sem tags, seja o primeiro a adicionar uma tag!

MARC

LEADER 00000naa a2200000 4500
001 r007971
005 20221208122841.9
041 0 |a ger 
044 |a DE 
245 1 0 |a Markentechnik ist die Verwirklichung der unternehmerischen Idee.  |c H.-J. Simon 
520 |a Dôvera k výrobku prostredníctvom identity jeho značky. Význam názvu značky. Osobnosť podnikateľa a technika určenia značky. Názov značky a zákazník. Značka ako obraz vedenia. Tvorba image podniku prostredníctvom značky. Signálny charakter značky. Hodnota značky a podnikateľ. Kontinuita značky. Podnikateľ ako technik tvorby značky. 
610 2 0 |a známky ochranné 
610 2 0 |a podnikatelia 
610 2 0 |a zákazníci 
610 2 0 |a vedenie 
610 2 0 |a osobnosť 
610 2 0 |a psychológia predaja 
610 2 0 |a imidž 
610 2 0 |a značky výrobné 
100 1 |a Simon, H.-J.